Skoki Narciarskie - trenerzy Jugosławii/Słowenii - Statystyki

Ogólne statystyki
  • Ten quiz został rozwiązany 26 razy
  • Średni wynik to 5 z 13
Statystyki odpowiedzi
Hint Odpowiedź % Poprawnych
2020- Robert Hrgota
87%
2011-2018 Goran Janus
74%
1999-2006 Matjaž Zupan
74%
2008-2011 Matjaž Zupan
74%
2006-2007 Vasja Bajc
61%
2018-2020 Gorazd Bertoncelj
43%
1993-1995 Bogdan Norčič
26%
2007-2008 Ari-Pekka Nikkola
17%
1995-1996 Ludvik Zajc
13%
1998-1999 Heinz Koch
9%
1970-1985 Zdeněk Remsa
9%
1996-1998 Jelko Gros
4%
1985-1993 Luka Koprivšek
4%
Nie znaleziono quizów pasujących do podanych kryteriów
Rozkład punktacji
Procent ludzi z każdym wynikiem
Percentyl według liczby udzielonych odpowiedzi
Twoja historia wyników
Nie rozwiązałeś tego quizu